000 00589nam a2200181 i 4500
001 102847
003 ES-MaACL
005 20230906183211.0
007 t|
008 051214q19001910mx ||||1| spa d
100 1 _aEspinosa, Luis.
_947889
245 1 0 _aDocumentos para la historia, defección del Gral. José Isabel Robles en la sierra de Ixtlán, Oaxaca /
_cLuis Espinosa.
260 _aMéxico :
_b[s.n.,
_c191-?]
300 _a69 p. :
_bil. ;
_c22 cm.
600 1 4 _aRobles, José Isabel.
_997935
651 4 _aMéxico-
_xHistoria-
_z1910-1946.
_99066
852 _aES-MaACL
_j1562-F-3
999 _c102847
_d102847